[Event "Llinars del Valles op-A 10th"]
[Site "Llinars del Valles"]
[Date "2016.05.07"]
[Round "6"]
[White "Lampurlanes Farre, Isaac"]
[Black "Torras Coloma, Pau"]
[Result "1/2-1/2"]
[WhiteElo "1728"]
[BlackElo "1517"]
[PlyCount "54"]
[EventDate "2016.04.02"]
[EventType "swiss"]
[EventRounds "9"]
[EventCountry "ESP"]
[SourceTitle "CBM 172 Extra"]
[Source "ChessBase"]
[SourceDate "2016.06.21"]
[SourceVersion "1"]
[SourceVersionDate "2016.06.21"]
[SourceQuality "1"]

1. d4 Nf6 2. Nf3 e6 3. c4 c5 4. d5 b5 5. Nc3 bxc4 6. e4 exd5 7. exd5 d6 8. Bxc4 Be7 9. 0-0 0-0 10. Re1 Nbd7 11. Bg5 Nb6 12. Bb5 Nfxd5 13. Nxd5 Bxg5 14. Nxg5 Qxg5 15. Ne7+ Kh8 16. Qxd6 Be6 17. Re5 Qf4 18. Qxc5 Rfd8 19. Rae1 Nd7 20. Bxd7 Rxd7 21. Nf5 Rad8 22. Ng3 Qa4 23. R5e4 Qxa2 24. Qc3 Rd3 25. Qe5 Qd5 26. Qxd5 R3xd5 27. f3 h6 1/2-1/2

[Event "Barcelona La Lira op 30th"]
[Site "Barcelona"]
[Date "2012.02.10"]
[Round "4"]
[White "Ritter Aguilar, Jordi"]
[Black "Lampurlanes Farre, Isaac"]
[Result "1-0"]
[WhiteElo "1918"]
[BlackElo "1710"]
[PlyCount "53"]
[EventDate "2012.01.20"]
[EventType "swiss"]
[EventRounds "8"]
[EventCountry "ESP"]
[SourceTitle "EXT 2013"]
[Source "ChessBase"]
[SourceDate "2012.11.22"]
[SourceVersion "1"]
[SourceVersionDate "2012.11.22"]
[SourceQuality "1"]

1. c4 Nf6 2. Nc3 c5 3. g3 Nc6 4. Bg2 d6 5. Nf3 g6 6. e3 Bf5 7. d4 Nb4 8. 0-0 Bd3 9. Re1 Bxc4 10. a3 Nc6 11. d5 Na5 12. Qa4+ Nd7 13. Bh3 e6 14. Nd2 b5 15. Nxb5 Bxb5 16. Qxb5 Qb6 17. Qa4 Ke7 18. dxe6 fxe6 19. Qh4+ Nf6 20. b4 Nc6 21. Nc4 Qc7 22. bxc5 d5 23. Nd6 Rb8 24. e4 Ne5 25. Bg2 Qxc5 26. exd5 Kxd6 27. Qxf6 1-0

[Event "Barcelona La Lira op 30th"]
[Site "Barcelona"]
[Date "2012.01.27"]
[Round "2"]
[White "Bermejo Cuadra, Robert"]
[Black "Lampurlanes Farre, Isaac"]
[Result "0-1"]
[WhiteElo "1320"]
[BlackElo "1710"]
[PlyCount "98"]
[EventDate "2012.01.20"]
[EventType "swiss"]
[EventRounds "8"]
[EventCountry "ESP"]
[SourceTitle "EXT 2013"]
[Source "ChessBase"]
[SourceDate "2012.11.22"]
[SourceVersion "1"]
[SourceVersionDate "2012.11.22"]
[SourceQuality "1"]

1. d4 Nf6 2. Nf3 e6 3. Bg5 h6 4. Bf4 c5 5. Bxb8 Rxb8 6. e3 d5 7. Bb5+ Bd7 8. Bxd7+ Qxd7 9. Ne5 Qc7 10. Nd2 Bd6 11. f4 b5 12. g4 Bxe5 13. fxe5 Nd7 14. c3 Nb6 15. Nb3 Na4 16. Nxc5 Nxc5 17. dxc5 Qxe5 18. Qd4 f6 19. Qxe5 fxe5 20. b4 Kd7 21. a4 a5 22. 0-0 Ke7 23. axb5 Rxb5 24. Rxa5 Rxa5 25. bxa5 Ra8 26. Ra1 Ra6 27. Kf2 Kd7 28. Kf3 Kc6 29. e4 Kxc5 30. exd5 exd5 31. Ra4 Kb5 32. Ra3 Rxa5 33. Rb3+ Kc4 34. Rb7 Kxc3 35. Rxg7 Kd4 36. h4 Ra3+ 37. Ke2 Ke4 38. Rf7 Rg3 39. Rg7 d4 40. g5 d3+ 41. Kf2 Rf3+ 42. Ke1 Ke3 43. Rd7 Rg3 44. Kf1 hxg5 45. h5 d2 46. h6 Rh3 47. h7 Rxh7 48. Rxh7 d1Q+ 49. Kg2 Qc2+ 0-1

[Event "Cerdanyola del Valles op-B 29th"]
[Site "Cerdanyola del Valles"]
[Date "2011.10.08"]
[Round "2"]
[White "Lampurlanes Farre, Isaac"]
[Black "Barata Anguas, Pedro"]
[Result "1/2-1/2"]
[WhiteElo "1763"]
[BlackElo "1624"]
[PlyCount "105"]
[EventDate "2011.10.01"]
[EventType "swiss"]
[EventRounds "8"]
[EventCountry "ESP"]
[SourceTitle "EXT 2013"]
[Source "ChessBase"]
[SourceDate "2012.11.22"]
[SourceVersion "1"]
[SourceVersionDate "2012.11.22"]
[SourceQuality "1"]

1. d4 Nf6 2. Nf3 e6 3. c4 d5 4. Nc3 Bb4 5. Bd2 0-0 6. e3 a6 7. Bd3 dxc4 8. Bxc4 b5 9. Bd3 Bb7 10. 0-0 Nbd7 11. Ne4 Bxd2 12. Nexd2 c5 13. b3 cxd4 14. Nxd4 Rc8 15. Rc1 Nb6 16. N2f3 Qd5 17. Qe2 Ne4 18. Qb2 Ng5 19. Be2 Ne4 20. Rfd1 Rxc1 21. Rxc1 Qd6 22. Rd1 Qe7 23. Rc1 Rc8 24. Rxc8+ Nxc8 25. Qc2 Ned6 26. Bd3 g6 27. Ne5 Na7 28. Qc5 Ndc8 29. Qxe7 Nxe7 30. Nd7 Kg7 31. Nc5 Bc8 32. Be4 e5 33. Nf3 f5 34. Ba8 Kf6 35. Bb7 Bxb7 36. Nxb7 Nac6 37. Nc5 Nb8 38. Kf1 Nd5 39. Ke1 Nb4 40. a4 Nd5 41. Kd2 bxa4 42. bxa4 Nb6 43. Kc3 a5 44. Nd2 Nc6 45. Ndb3 h5 46. Kd3 e4+ 47. Kc3 Ke5 48. g3 g5 49. Kd2 Kd5 50. Nb7 Nxa4 51. N3xa5 Nxa5 52. Nxa5 Nc5 53. Ke2 1/2-1/2

[Event "Cerdanyola del Valles op 28th"]
[Site "Cerdanyola del Valles"]
[Date "2010.10.16"]
[Round "3"]
[White "Lampurlanes Farre, Isaac"]
[Black "Corretja Torrens, Jordi"]
[Result "0-1"]
[WhiteElo "1733"]
[BlackElo "1844"]
[PlyCount "80"]
[EventDate "2010.10.02"]
[EventType "swiss"]
[EventRounds "7"]
[EventCountry "ESP"]
[SourceTitle "EXT 2012"]
[Source "ChessBase"]
[SourceDate "2011.11.24"]
[SourceVersion "1"]
[SourceVersionDate "2011.11.24"]
[SourceQuality "1"]

1. d4 Nf6 2. Nf3 d6 3. g3 g6 4. Bg2 Bg7 5. 0-0 0-0 6. Re1 c6 7. e4 Bg4 8. c3 Qd7 9. Qc2 a5 10. Bf4 Na6 11. e5 Nd5 12. Qd2 Nxf4 13. Qxf4 Nc7 14. c4 Bxf3 15. Bxf3 dxe5 16. dxe5 Ne6 17. Qe3 Qc7 18. Nc3 Rad8 19. Rad1 Rxd1 20. Bxd1 Rd8 21. Bc2 Rd4 22. b3 Qd8 23. Rd1 Rxd1+ 24. Bxd1 Nd4 25. f4 e6 26. Bg4 Nc2 27. Qf2 Qd3 28. Na4 Ne3 29. Be2 Qb1+ 30. Bf1 Qc1 31. Nb2 Nxf1 32. Nd3 Qe3 33. Qxe3 Nxe3 34. Nc5 b5 35. cxb5 cxb5 36. Ne4 Nd5 37. a3 f6 38. exf6 Bxf6 39. Nd6 Nc3 40. Nb7 a4 0-1